| 000 | 00355nam a22001457a 4500 | ||
|---|---|---|---|
| 003 | OSt | ||
| 008 | 250115b |||||||| |||| 00| 0 eng d | ||
| 041 | _aeng | ||
| 082 |
_a551.0162 _bKUR/FU |
||
| 100 |
_aKurmi, RS _96937 |
||
| 245 | _aFundamentals of Engineering Geology | ||
| 250 | _a4th | ||
| 260 |
_aNew Delhi: _bDhanpat Rai& Sons, _c1984. |
||
| 942 | _cBK | ||
| 999 |
_c19029 _d19029 |
||